000 00276nam a22001337a 4500
020 _a0-7214-0964-4
082 _a823
_bDAL/W
100 _aDALY, AUDREY
245 _aWELL LOVED CAROLS
260 _aUK
_bLADY BIRD
300 _a43
650 _aENGLISH RHYMES
_zUK
942 _cBK
999 _c1724
_d1724